LEADER 01289nam a2200277 u 4500 001 000000011655 003 CaOOAMICUS 005 20070226105441.0 008 941210s1908 it abf u000 u ita u 035 $a10285723 040 $aPUL(R)$bita 100 1 $aSergi, Giuseppe,$d1841-1936.$0(OLS)http://pul/name/5980 245 10$aEuropa :$bl'origine dei popoli europei e loro relazioni coi popoli d'Africa e d'Oceania /$cG. Sergi. 260 $aMilano :$bFratelli Bocca,$c1908. 300 $axxi, 652 p., [59] c. di tav. :$bill. ;$c24 cm 490 1 $aBiblioteca di scienze moderne ;$v36 504 $aBibliographical foot-notes. 650 0$aMan, Prehistoric$zEurope.$2//eng$0(OLS)http://pul/subject/8842 650 0$aEthnology$zEurope.$2//eng$0(OLS)http://pul/subject/8843 650 0$aAnthropology, Prehistoric.$2//eng$0(OLS)http://pul/subject/8844 830 0$aBiblioteca di scienze moderne ;$v36.$0(OLS)http://pul/title/412 850 $aPUL 852 $aPUL$W1$xDP2 Filosofia 1$y62$m92 C 22$j16460$nBK-PRI$b $qStampati$B16460$CPULBib$Z2$F16460 $81 941 1 $a8 996 $6245$aEuropa :$bl'origine dei popoli europei e loro relazioni coi popoli d'Africa e d'Oceania$9(OLS)http://pul/title/16873 996 $6260$aMilano :$bFratelli Bocca$9(OLS)http://pul/publisher/49904 LEADER 01241nam a2200277 u 4500 001 000000089834 003 CaOOAMICUS 005 20070226124647.0 008 051201s1960 it u000 u ita u 035 $a11070936 040 $aPUL(R)$bita 041 1 $aita$hfre 100 1 $aDelhaye, Philippe.$0(OLS)http://pul/name/16 240 10$aPhilosophie chrétienne au Moyen Age.$lItaliano.$0(OLS)http://pul/title/115989 245 13$aLa filosofia cristiana nel Medioevo /$cdi Philippe Delhaye. 260 $aCatania :$bEdizioni Paoline,$c1960. 300 $a140 p. ;$c18 cm 490 1 $aEnciclopedia cattolica dell'uomo d'oggi.$aSezione 1, Ragione e fede ;$v12 504 $aBibliografia : p. 139-140. 650 4$aFilosofia cristiana$yEvo medio.$0(OLS)http://pul/subject/5142 830 0$aEnciclopedia cattolica dell'uomo d'oggi.$nSezione 1,$pRagione e fede ;$v12.$0(OLS)http://pul/title/38336 850 $aPUL 852 $aPUL$W1$xDP1 Fondo Pastorale$y55$mP8 D 12$j113503$nBK-PRI$b $qFondi$B113503$CPULBib$Z2$F113503 $HPUL1642 $81 941 1 $a1 996 $6245$aLa filosofia cristiana nel Medioevo$9(OLS)http://pul/title/115990 996 $6260$aCatania :$bEdizioni Paoline$9(OLS)http://pul/publisher/48234